000
00330nam a22001457a 4500
003
OSt
005
20211224084548.0
008
211224b |||||||| |||| 00| 0 eng d
020
_a
0340697504
040
_c
HU
082
_a
004.6STA/1997
100
_a
Stephen
_9
24809
245
_a
Teach Yourself Access 7
942
_2
ddc
_c
BOOKS
_n
0
999
_c
23861
_d
23861